العربية القديمة ولهجاتها : (رقم التسجيلة. 91599)

تفاصيل مارك
000 -الفاتح
عناصر البيانات ثابتة الطول 00734cam a2200169 i 4500
005 - تاريخ ووقت آخر معاملة
حقل ضبط 20260423095903.0
008 - عناصر البيانات ثابتة الطول
عناصر البيانات ثابتة الطول 250721s2000 jo gr 000 0 ara d
082 14 - رقم تصنيف ديوي العشري
رقم التصنيف 417
رقم المادة م ر ي
100 1# - مدخل رئيسي – اسم شخصي
الاسم الشخصي مريخ، عادل محاد مسعود
علاقة الشخص بالعمل/ دوره مؤلف.
245 12 - بيان العنوان
العنوان العربية القديمة ولهجاتها :
بقية العنوان دراسة مقارنة بين ألفاظ المعجم السبئي وألفاظ لهجات عربية قديمة (الجبالية والمهرية ) /
بيان المسؤولية عادل محاد مسعود مريخ.
264 31 - بيانات النشر، التوزيع…إلخ
مكان النشر، التوزيع...إلخ أبو ظبي :
اسم الناشر، الموزع...إلخ المجمع الثقافي،
تاريخ النشر، التوزيع...إلخ 2000.
300 ## - الوصف المادي
عدد الوحدات المكونة للوعاء 505 صفحة.
650 17 - مدخل إضافي بالموضوع - مصطلح موضوعي
مصطلح موضوعي أو اسم جغرافي كعنصر مدخل اللغة العربية.
650 17 - مدخل إضافي بالموضوع - مصطلح موضوعي
مصطلح موضوعي أو اسم جغرافي كعنصر مدخل اللهجات.
942 ## - بيانات إضافية (كوها)
نوع التنصيف Dewey Decimal Classification
نوع المادة (كوها) كتب
المقتنيات
حالة السحب حالة الفقدان مصدر التصنيف حالة التلف غير قابل للإعارة المكتبة الرئيسية المكتبة الحالية موقع الرف تاريخ التزويد الرقم المتسلسل Total Checkouts رقم الإستدعاء الباركود تاريخ آخر ظهور تاريخ الفاتورة نوع المادة (كوها)
    Dewey Decimal Classification     المكتبة المركزية المكتبة المركزية الإعارة 28/07/2025 810935   417 / م ر ي 810935 28/07/2025 28/07/2025 كتب
    Dewey Decimal Classification     المكتبة المركزية المكتبة المركزية الإعارة 28/07/2025 810936   417 / م ر ي 810936 28/07/2025 28/07/2025 كتب
    Dewey Decimal Classification     المكتبة المركزية المكتبة المركزية الإعارة 24/09/2024 1788798   417 / م ر ي PLD00511945 28/07/2025 24/09/2024 كتب
Implemented & Customized by: BBB with SCIT (Smart Chains for Information Technology)

Powered by Koha